000
00215nam a2200097 4500
999
_c
530132
_d
530132
040
_c
DLC
082
_a
307.1216
_b
HIR
100
_a
Hiraskar, G.K.
_9
23482
245
_a
Fundamentals of Town Planning
942
_2
ddc
_c
BK